عرض عادي
عرض مارك
- Hegel, Georg Wilhelm Friedrich,
دخول Personal Name
001 - CONTROL NUMBER
- control field: 17254
003 - CONTROL NUMBER IDENTIFIER
- control field: AE-AdECS
005 - DATE AND TIME OF LATEST TRANSACTION
- control field: 20250618092224.0
008 - FIXED-LENGTH DATA ELEMENTS
- fixed length control field: 250618|| aca||aabn | a|a d
040 ## - CATALOGING SOURCE
- Original cataloging agency: AE-AdECS
- Transcribing agency: AE-AdECS
100 ## - HEADING--PERSONAL NAME
- Personal name: Hegel, Georg Wilhelm Friedrich,
- Dates associated with a name: 1770-1831
670 ## - SOURCE DATA FOUND
- Source citation: Work cat.: (AE-AdECS)28933: Findlay, J. N. (John Niemeyer), 1903-1987. 17253, Hegel :
